Picture to Burn - Taylor Swift (All Lyrics) - Statistics

General Stats
  • This quiz has been taken 340 times
  • The average score is 240 of 291
Answer Stats
Lyrics % Correct
I
99%
you
98%
a
97%
your
97%
me
96%
me,
96%
You're
95%
you're
95%
burn
93%
Burn,
93%
burn,
93%
picture
93%
to
93%
just
92%
let
92%
never
92%
that
92%
the
92%
truck
92%
and
91%
And
91%
another
91%
drive
91%
old
91%
stupid
91%
hate
90%
So
90%
I'm
89%
my
88%
My
88%
pickup
88%
really
86%
tell
86%
go
85%
love
84%
all
83%
friends
83%
bad
82%
if
82%
at
81%
be
81%
lyin'
81%
on
81%
say
81%
That's
80%
As
79%
as
79%
by
79%
ever
79%
time
79%
way
78%
could
77%
crazy
77%
didn't
77%
fine,
77%
get
77%
than
77%
who's
77%
far
76%
watch
76%
concerned
75%
mind
75%
more
75%
obsessive
75%
obvious,
75%
strike
75%
wasted
75%
fantasy
74%
match
74%
of
74%
perfect
74%
State
74%
won't
74%
yourself
74%
baby,
73%
Baby,
73%
heartbreak
73%
realize
73%
redneck
72%
no
71%
'Cause
70%
for
68%
it
67%
best
65%
how
65%
out
65%
with
65%
you'll
65%
here
64%
sorry
64%
around
63%
show
63%
goin'
62%
gonna
62%
In
62%
There's
62%
would
61%
back
60%
daddy's
60%
from
60%
health
60%
nothing
60%
better
59%
come
58%
keep
58%
coming
57%
sayin'
57%
sittin'
57%
stoppin'
57%
missing
55%
revenge
55%
you'd
54%
planning
53%
heard
52%
case
50%
haven't
50%
tears,
47%
ya
42%
No matching quizzes found
Score Distribution
Percent of People with Each Score
Percentile by Number Answered
Your Score History
You have not taken this quiz